000 01614nam0a2200337 4500
001 RU\NLR\bibl\809587
005 20260407080738.0
021 _aRU
_b2005-6222
_9319
035 _aRSL-KNO-002569480
035 _a(NLR Aleph) 000798669
090 _a1167289
_c1167289
100 _a20050216d2004 |||y0rusy50 ca
101 0 _arus
102 _aRU
105 _aa |||||||||
106 _ar
200 1 _aЭлектрооборудование для рудничных электровозов в рудничном нормальном и взрывозащищенном исполнении
_eноменклатурный каталог
_fЗакрытое АО "Динамо-Плюс"
210 _aМосква
_cДинамо-Плюс
_d2004
_gООО Информполиграф
215 _a12, [1] с.
_cил.
_d30
606 1 _aРудничные электровозы
_jКаталоги
_xЭлектрооборудование
_91183060
_3RU\NLR\auth\66476327
610 0 _aГорное дело -- Рудничный транспорт -- Электровозная откатка -- Рудничные электровозы -- Электрооборудование -- Каталог
686 _aИ164.22-53-048я26
_2rubbk
686 _aИ164.22-53-048.2я26
712 0 2 _4570
_a"Динамо-Плюс", закрытое акционерное общество
_cМосква
_3RU\NLR\AUTH\8810041134
_9581482
801 0 _aRU
_bRuMoRKP
_c20050216
_grcr
801 1 _aRU
_bRuMoRGB
_c20050216
801 2 _aRU
_bNLR
_c20050614
_gPSBO
942 _cBOOK
980 _aNB